Resort hotels : (Record no. 934)
[ view plain ]
| 000 -CABECERA | |
|---|---|
| campo de control de longitud fija | 00589cam a22001811 4500 |
| 001 - NÚMERO DE CONTROL | |
| campo de control | 000000945 |
| 005 - FECHA Y HORA DE LA ÚLTIMA TRANSACCIÓN | |
| campo de control | 20200929145441.0 |
| 008 - DATOS DE LONGITUD FIJA--INFORMACIÓN GENERAL | |
| campo de control de longitud fija | 711206s1965 nyuabe 000 0 eng |
| 040 ## - FUENTE DE LA CATALOGACIÓN | |
| Centro catalogador/agencia de origen | DO-SdBNP |
| Lengua de catalogación | spa |
| Centro/agencia transcriptor | BNPHU |
| 082 ## - NÚMERO DE LA CLASIFICACIÓN DECIMAL DEWEY | |
| Número de clasificación | 647.94 |
| Número de documento/Ítem | xxx |
| 100 1# - ENTRADA PRINCIPAL--NOMBRE DE PERSONA | |
| Nombre de persona | Abraben, E. |
| 9 (RLIN) | 3318 |
| 245 10 - MENCIÓN DE TÍTULO | |
| Título | Resort hotels : |
| Resto del título | planning and management / |
| Mención de responsabilidad, etc. | [by] E. Abraben. |
| 260 ## - PUBLICACIÓN, DISTRIBUCIÓN, ETC. | |
| Lugar de publicación, distribución, etc. | New York, : |
| Nombre del editor, distribuidor, etc. | Reinhold Pub. Co., |
| Fecha de publicación, distribución, etc. | [1965]. |
| 300 ## - DESCRIPCIÓN FÍSICA | |
| Extensión | viii, 98 p. : |
| Otras características físicas | illustrations, maps, plans, ; |
| Dimensiones | 22 x 27 cm. |
| 650 #0 - PUNTO DE ACCESO ADICIONAL DE MATERIA--TÉRMINO DE MATERIA | |
| Término de materia o nombre geográfico como elemento de entrada | Hotels |
| 9 (RLIN) | 3319 |
| 650 #0 - PUNTO DE ACCESO ADICIONAL DE MATERIA--TÉRMINO DE MATERIA | |
| Término de materia o nombre geográfico como elemento de entrada | Architecture |
| Subdivisión de forma | Designs and plans. |
| 9 (RLIN) | 3320 |
| 910 ## - DATOS DE OPCIÓN DEL USUARIO (OCLC) | |
| Datos de opción del usuario | Catalogación por copia/Lc |
| Estado de retiro | Estado de pérdida | Restricciones de uso | No para préstamo | Código de colección | Localización permanente | Ubicación/localización actual | Ubicación en estantería | Fecha de adquisición | Número de inventario | Total de préstamos | Signatura topográfica completa | Código de barras | Fecha visto por última vez | Precio válido a partir de | Tipo de ítem Koha |
|---|---|---|---|---|---|---|---|---|---|---|---|---|---|---|---|
| Préstamo interno | Préstamo en sala | Dominicana de Servicio | Biblioteca Nacional Pedro Henríquez Ureña | Biblioteca Nacional Pedro Henríquez Ureña | Depósito | 22.09.2009 | LF1 | 647.94 xxx | 945-10 | 25.06.2020 | 25.06.2020 | Libros y folletos |
